Enhancing the property function in business (Record no. 77485)

MARC details
000 -LEADER
fixed length control field 01049cab a2200169 4500
001 - CONTROL NUMBER
control field ##L134369
008 - FIXED-LENGTH DATA ELEMENTS--GENERAL INFORMATION
fixed length control field 060731n2006 000 0 eng u
035 ## - SYSTEM CONTROL NUMBER
System control number (Sirsi) u134369
041 0# - LANGUAGE CODE
Language code of text/sound track or separate title eng
100 1# - MAIN ENTRY--PERSONAL NAME
Personal name Apgar, Mahlon
245 00 - TITLE STATEMENT
Title Enhancing the property function in business
260 ## - PUBLICATION, DISTRIBUTION, ETC.
Date of publication, distribution, etc. 2006
490 #0 - SERIES STATEMENT
Series statement Property Forecast
Volume/sequential designation 9(06) June 2006, 14-16(3)
520 ## - SUMMARY, ETC.
Summary, etc. Reports the findings from a survey of corporate property groups centred on how they add value to their businesses, conducted by the Boston Consulting Group. Looked at corporate mandate and visibility, relationships with the business units, portfolio flexibility, analytical capabilities, and use of service providers. Concludes that groups are proving they can help to significantly boost corporate financial and operating results through fact-based, strategically informed operation. Includes some questions property groups should ask themselves to gauge their effectiveness. Charts.
690 ## - LOCAL SUBJECT ADDED ENTRY--TOPICAL TERM (OCLC, RLIN)
Topical term or geographic name as entry element PROPERTY-COMMERCIAL PROPERTY-COMMERCIAL PROPERTY MANAGEMENT
942 ## - ADDED ENTRY ELEMENTS (KOHA)
Suppress in OPAC 0
Holdings
Withdrawn status Lost status Source of classification or shelving scheme Damaged status Not for loan Home library Current library Shelving location Date acquired Total Checkouts Full call number Barcode Date last seen Copy number Price effective from Koha item type
    Dewey Decimal Classification     London London Journal article 31/07/2006   L134369 134369-1001 06/08/2019 1 06/08/2019 Journal article